| 000 | 00792nac a22002171u 4500 | ||
|---|---|---|---|
| 010 | _a2006272930 | ||
| 020 | _a0750657847 | ||
| 082 | 0 | 0 |
_a621.3192 _bB6181 |
| 090 |
_c872 _d872 |
||
| 100 | _aBird, J. O. | ||
| 245 | 1 | 0 |
_aElectrical circuit theory and technology / _cJohn Bird. |
| 250 | _aRev. 2nd ed. | ||
| 260 |
_aOxford ; _aNew York : _bNewnes, _c2003. |
||
| 300 |
_axviii, 984 p. : _bill. ; _c25 cm. |
||
| 500 | _aIncludes index. | ||
| 650 | 0 | _aElectric circuits. | |
| 650 | 0 | _aElectric engineering. | |
| 856 | 4 | 2 |
_3Publisher description _uhttp://www.loc.gov/catdir/enhancements/fy0632/2006272930-d.html |
| 942 |
_cBB _k621.3192B6181 |
||
| 999 |
_c872 _d872 |
||